<?xml version='1.0' encoding='UTF-8'?>
  <record xmlns="http://www.loc.gov/MARC21/slim">
    <leader>00000ctm a2200000 i 4500</leader>
    <controlfield tag="001">ocn965408651</controlfield>
    <controlfield tag="003">OCoLC</controlfield>
    <controlfield tag="005">20250530152942.6</controlfield>
    <controlfield tag="008">140305q18281863xx            000 0 dut d</controlfield>
    <datafield tag="040" ind1=" " ind2=" ">
      <subfield code="a">QGJ</subfield>
      <subfield code="b">dut</subfield>
      <subfield code="c">QGJ</subfield>
      <subfield code="d">QGJ</subfield>
      <subfield code="d">OCLCL</subfield>
      <subfield code="d">OCLCQ</subfield>
    </datafield>
    <datafield tag="035" ind1=" " ind2=" ">
      <subfield code="a">(OCoLC)965408651</subfield>
    </datafield>
    <datafield tag="100" ind1="1" ind2=" ">
      <subfield code="a">Ledeboer, L.G.C.</subfield>
      <subfield code="q">(Lambertus Gerardus Cornelis),</subfield>
      <subfield code="d">1808-1863.</subfield>
      <subfield code="1">https://id.oclc.org/worldcat/entity/E39PBJdrKQXcCfFJV8G949Dwmd</subfield>
    </datafield>
    <datafield tag="245" ind1="1" ind2="0">
      <subfield code="a">Collectie Ledeboer.</subfield>
      <subfield code="f">UBU Hs. 15 B 1-26.</subfield>
    </datafield>
    <datafield tag="260" ind1=" " ind2=" ">
      <subfield code="c">1828-1863.</subfield>
    </datafield>
    <datafield tag="300" ind1=" " ind2=" ">
      <subfield code="a">26 dl. ;</subfield>
      <subfield code="c">Formaat varieert</subfield>
    </datafield>
    <datafield tag="336" ind1=" " ind2=" ">
      <subfield code="a">text</subfield>
      <subfield code="b">txt</subfield>
      <subfield code="2">rdacontent</subfield>
    </datafield>
    <datafield tag="337" ind1=" " ind2=" ">
      <subfield code="a">unmediated</subfield>
      <subfield code="b">n</subfield>
      <subfield code="2">rdamedia</subfield>
    </datafield>
    <datafield tag="338" ind1=" " ind2=" ">
      <subfield code="a">volume</subfield>
      <subfield code="b">nc</subfield>
      <subfield code="2">rdacarrier</subfield>
    </datafield>
    <datafield tag="340" ind1=" " ind2=" ">
      <subfield code="a">papier.</subfield>
    </datafield>
    <datafield tag="500" ind1=" " ind2=" ">
      <subfield code="a">Bevat brieven, preken, gedichten, reis- en dagboeken, etc.</subfield>
    </datafield>
    <datafield tag="500" ind1=" " ind2=" ">
      <subfield code="a">Bestaat uit 24 gebonden boekjes, één mapje met 14 losse katernen, en één portfolio.</subfield>
    </datafield>
    <datafield tag="500" ind1=" " ind2=" ">
      <subfield code="a">Met getypte inventaris. Voor een uitgebreidere inventaris zie: Verzamelde geschriften over Ds. L. G. C. Ledeboer / door H. Natzijl. - Utrecht, 1980. - Dl. 3, p. 335-349.</subfield>
    </datafield>
    <datafield tag="500" ind1=" " ind2=" ">
      <subfield code="a">Voor de delen zie de afzonderlijke beschrijvingen.</subfield>
    </datafield>
    <datafield tag="524" ind1=" " ind2=" ">
      <subfield code="a">Te citeren als: Universiteitsbibliotheek Utrecht Hs. 15 B 1-26.</subfield>
    </datafield>
    <datafield tag="510" ind1="0" ind2=" ">
      <subfield code="a">Verzamelde geschriften over Ds. L. G. C. Ledeboer / door H. Natzijl. Dl. 3, p. 335-349</subfield>
    </datafield>
    <datafield tag="600" ind1="1" ind2="4">
      <subfield code="a">Ledeboer, L.G.C.</subfield>
      <subfield code="q">(Lambertus Gerardus Cornelis),</subfield>
      <subfield code="d">1808-1863.</subfield>
      <subfield code="0">(NL-LeOCL)070431590</subfield>
    </datafield>
    <datafield tag="655" ind1=" " ind2="7">
      <subfield code="a">Handschriften (vorm)</subfield>
      <subfield code="0">(NL-LeOCL)088143309.</subfield>
      <subfield code="2">gtt</subfield>
    </datafield>
    <datafield tag="700" ind1="1" ind2=" ">
      <subfield code="a">Ledeboer,</subfield>
      <subfield code="c">fam.,</subfield>
      <subfield code="e">former owner.</subfield>
      <subfield code="4">fmo</subfield>
      <subfield code="5">NL-UtRU</subfield>
    </datafield>
    <datafield tag="758" ind1=" " ind2=" ">
      <subfield code="a">UBU Hs. 15 B 1-26 Collectie Ledeboer (Text)</subfield>
      <subfield code="1">https://id.oclc.org/worldcat/entity/E39PD3bPfDtcGPVgc6wgkH8Bfq</subfield>
      <subfield code="4">https://id.oclc.org/worldcat/ontology/hasWork</subfield>
    </datafield>
    <datafield tag="936" ind1=" " ind2=" ">
      <subfield code="a">BATCHLOAD</subfield>
    </datafield>
  </record>